000 00627nam a2200229Ia 4500
003 OSt
005 20220923230407.0
006 a|||||r|||| 00| 0
007 ta
008 220922b |||||||| |||| 00| 0 san d
024 _a280,766
037 _cTextual
040 _aARTS
_cARTS
_bsan
041 _2san
_asan
082 _aP15, K9
100 _aज्ञानानन्द भारती
_9156268
245 0 _aसदुरुप्रसाद
246 _aSaduruprasāda
260 _c1969
942 _hP15, K9
_cTEXL
_2CC
999 _c384529
_d384529